000
00355nam a22001337a 4500
003
MACL
005
20190426161055.0
008
190426b xxu||||| |||| 00| 0 eng d
040
_c
MACL
100
_a
चतुरसेन, आचार्य
_9
37332
245
_a
चार सत्य
650
_a
उपन्यास
_9
74538
942
_2
ddc
_c
HIN
999
_c
59533
_d
59533